000 02093nam a2200265Ia 4500
001 18595
003 GE_BSU
008 181216s||||||||xx |||||||||||||| ||und||
020 _a9789941437748
040 _cGE_BSU
080 _a811.353.1'367.625(042.4)
100 _aმელიქიშვილი, დ. (დამანა)
245 _aქართული ზმნის სისტემური მორფოსინტაქსური ანალიზი
245 _bსავალდებულო სალექციო კურსი ჰუმანიტ. ფაკ-ტის ქართვ. ენათმეცნიერების სპეც. მაგისტრატურის სტუდენტებისათვის
245 _cტექნ. რედ.: ნათია მიროტაძე [და სხვ.] ; ყდის დიზაინი ალექსანდრე ჯიქურიძე ;
250 _aივანე ჯავახიშვილის სახ. თსუ, ქართ. ენის სასწ.-სამეცნ. ინ-ტი
260 _aთბილისი
260 _bლოგოსი
260 _c2014
300 _a164 გვ;ცხრ;23 სმ.
653 _aქართული ენა
653 _aქართული ზმნის სისტემური მორფოსინტაქსური ანალიზი
653 _aწინამდებარე სალექციო კურსი მთლიანად ემყარება და აგებულია დიდი ქართველი ენათმეცნიერის აკად.არნოლდ ჩიქობავას მეთოდოლოგიურ იმანანტიზმის მოთხოვნების საფუძველზე და ამ პრინციპების პრაქტიკულ განხორციელებას წარმოადგენს.
942 _cBK
999 _c51604
_d51604